000 00199nam a22000857a 4500
001 1238846
005 20251006124939.0
245 _aHAYAT REHBERİ HADİSLER
_cRAMAZAN SÖNMEZ
260 _bHÜNER YAYINEVİ
999 _c1238846
_d1238846